2026 FIFA World Cup Countries - Statistics

General Stats
  • This quiz has been taken 55 times
    4 since last reset
  • The average score is 24 of 48
Answer Stats
Confederation Last Time Qualified Total Times Qualified Country % Correct
CONMEBOL 2022 19 Argentina
100%
CONMEBOL 2022 23 Brazil
100%
CONMEBOL 2018 7 Colombia
100%
CONMEBOL 2022 5 Ecuador
75%
CAF 2018 4 Egypt
75%
UEFA 2022 17 England
75%
UEFA 2022 17 France
75%
UEFA 2022 21 Germany
75%
AFC 2022 8 Japan
75%
UEFA 1998 4 Norway
75%
AFC 2022 2 Qatar
75%
CAF 2010 4 South Africa
75%
UEFA 2022 17 Spain
75%
UEFA 2018 13 Sweden
75%
CAF 2014 5 Algeria
50%
UEFA 1998 8 Austria
50%
UEFA 2014 2 Bosnia and Herzegovina
50%
UEFA 2022 17 Croatia
50%
UEFA 2006 10 Czech Republic
50%
CAF 1974 2 DRC
50%
CAF 2022 5 Ghana
50%
CONCACAF 1974 2 Haiti
50%
CONCACAF 2022 18 Mexico
50%
CAF 2022 7 Morocco
50%
CONMEBOL 2010 9 Paraguay
50%
UEFA 2022 9 Portugal
50%
UEFA 2022 13 Switzerland
50%
UEFA 2002 4 Turkey
50%
CONCACAF 2022 12 United States
50%
CONMEBOL 2022 15 Uruguay
50%
AFC 2022 7 Australia
25%
UEFA 2022 15 Belgium
25%
CONCACAF 2022 3 Canada
25%
CAF - 1 Cape Verde
25%
CONCACAF - 1 Curaçao
25%
AFC 2022 7 Iran
25%
CAF 1986 2 Iraq
25%
CAF 2014 4 Ivory Coast
25%
AFC - 1 Jordan
25%
UEFA 2022 12 Netherlands
25%
OFC 2010 3 New Zealand
25%
CONCACAF 2018 2 Panama
25%
AFC 2022 7 Saudi Arabia
25%
UEFA 1998 9 Scotland
25%
CAF 2022 4 Senegal
25%
AFC 2022 12 South Korea
25%
CAF 2022 7 Tunisia
25%
AFC - 1 Uzbekistan
25%
No matching quizzes found
Score Distribution
Percent of People with Each Score
Percentile by Number Answered
Your Score History
You have not taken this quiz since the last reset